El arte de la etiqueta / (Registro nro. 14072)

Detalles MARC
000 -LIDER
fixed length control field 00829nam a22002777a 4500
001 - NÚMERO DE CONTROL
Identificador de número de control
003 - IDENTIFICACDOR DE NÚMERO DE CONTROL
control field DO-SdBNP
005 - DATE AND TIME OF LATEST TRANSACTION
control field 20220314121953.0
007 - CAMPOS FIJOS DE DESCRIPCIÓN FÍSICA
fixed length control field
008 - ELEMENTOS DE LONGITUD FIJA
fixed length control field 160805b1999 sp a ||| 00| 0 spa d
020 ## - ISBN
International Standard Book Number 9789523706
040 ## - FUENTE DE CATALOGACIÓN
Agencia que crea de manera original el registro BPMSU
Idioma de catalogación spa
Agencia que realiza la transcripción BPMSU
082 ## - NÚMERO DE CLASIFICACIÓN DECIMAL DE DEWEY
Classification number 395
Item number P853a 1999
Edition number 22
092 ## - LOCALLY ASSIGNED DEWEY DECIMAL CALL NUMBER
Número de clasificación xxxxx
Número de ítem (Cutter) xxxxx
100 1# - ASIENTO PRINCIPAL -- NOMBRE PERSONAL
Nombre personal Porto de Mejía, Evelia.
245 10 - MENCIÓN DE TITULO
Título El arte de la etiqueta /
Mención de responsabilidad Evelía Porto de Mejía ; fotografías Mauricio Mendoza ... [et al.].
260 ## - PUBLICACIÓN, DISTRIBUCIÓN, ETC. (PIE DE IMPRENTA)
Lugar de publicación, distribución, etc Bogotá :
Nombre del editor, distribuidor, etc. Ediciones Gamma,
Fecha de publicación, distribución, etc 1999
300 ## - DESCRIPCIÓN FÍSICA
Extensión 197 p :
Otros detalles físicos il., lams. [col.] ;
Dimensiones 28 cm.
590 ## - NOTA LOCAL
Enlace Inventariado, 2022/VM
650 #4 - ENCABEZAMIENTO DE MATERIA--TEMÁTICO
Término temático o nombre geográfico como elemento de entrada Etiqueta
Subdivisión de forma Manuales.
650 #4 - ENCABEZAMIENTO DE MATERIA--TEMÁTICO
Término temático o nombre geográfico como elemento de entrada Cortesía
Subdivisión de forma Manuales.
700 1# - ASIENTO SECUNDARIO -- NOMBRE PERSONAL
Nombre personal Vega, Carlos Mauricio,
Mención de responsabilidad ed.
700 1# - ASIENTO SECUNDARIO -- NOMBRE PERSONAL
Nombre personal Mendoza, Carlos Mauricio,
Mención de responsabilidad ils.
910 ## - VALIDACIÓN
Validación VMateo V.
942 ## - ADDED ENTRY ELEMENTS (KOHA)
Source of classification or shelving scheme Dewey Decimal Classification
Koha item type Libros
Existencias
Withdrawn status Lost status Source of classification or shelving scheme Damaged status Not for loan Collection code Home library Current library Date acquired Full call number Barcode Date last seen Price effective from Koha item type
    Dewey Decimal Classification     Colección General Biblioteca Pública Metropolitana Salomé Ureña Biblioteca Pública Metropolitana Salomé Ureña 03/14/2022 BPMSU CG 395 P853a 1999 BPMSU22030032 03/14/2022 03/14/2022 Libros